| 000 -CABECERA |
| campo de control de longitud fija |
01368nam a22002297a 4500 |
| 003 - IDENTIFICADOR DEL NÚMERO DE CONTROL |
| campo de control |
OSt |
| 005 - FECHA Y HORA DE LA ÚLTIMA TRANSACCIÓN |
| campo de control |
20240529142711.0 |
| 008 - DATOS DE LONGITUD FIJA--INFORMACIÓN GENERAL |
| campo de control de longitud fija |
240529b ||||| |||| 00| 0 spa d |
| 020 ## - NÚMERO INTERNACIONAL ESTÁNDAR DEL LIBRO |
| Número Internacional Estándar del Libro |
9789802537426 |
| 040 ## - FUENTE DE LA CATALOGACIÓN |
| Centro/agencia transcriptor |
CO-Mq BPB |
| 041 ## - CÓDIGO DE LENGUA |
| Código de lengua del texto/banda sonora o título independiente |
spa |
| 082 ## - NÚMERO DE LA CLASIFICACIÓN DECIMAL DEWEY |
| Número de clasificación |
AC |
| Número de documento/Ítem |
CHAr |
| 100 ## - ENTRADA PRINCIPAL--NOMBRE DE PERSONA |
| Nombre de persona |
Chávez Herrera, Nelson |
| Término indicativo de función/relación |
Autor |
| 245 ## - MENCIÓN DE TÍTULO |
| Título |
Los restos del cholo Facundo |
| 264 ## - PRODUCCIÓN, PUBLICACIÓN, DISTRIBUCIÓN, FABRICACIÓN Y COPYRIGHT |
| Producción, publicación, distribución, fabricación y copyright |
Caracas - Venezuela: |
| Nombre del de productor, editor, distribuidor, fabricante |
Fundarte |
| Fecha de producción, publicación, distribución, fabricación o copyright |
2019 |
| 300 ## - DESCRIPCIÓN FÍSICA |
| Extensión |
83 páginas |
| Otras características físicas |
Tapa rustica |
| Dimensiones |
22 cm |
| 521 ## - NOTA DE PÚBLICO DESTINATARIO |
| Nota de público destinatario |
A través de una precisa conjunción entre el rigor histórico y la eficacia de la pesquisa detectivesca, Nelson Chávez Herrera plasma en Los restos del cholo Facundo, una travesía casi legendaria, con los vislumbres de una ficción apasionante, emanada de una sugestiva alfaguara verbal, inserta fuera de las fórmulas comunes del ejercicio de la crónica literaria. La atmósfera envolvente de la narración incita a sumergirse en el rastreo de los múltiples textos conocidos, desconocidos u ocultos, escritos por el singular maestro, andariego y peregrino Simón Rodríguez, desviándose de manera intempestiva hacia la búsqueda de sus restos trashumantes, añadiendo a esta lucida indagación el carácter de una aventura clásica, destinada a perdurar sin escapatoria en el tiempo. |
| 650 ## - PUNTO DE ACCESO ADICIONAL DE MATERIA--TÉRMINO DE MATERIA |
| Término de materia o nombre geográfico como elemento de entrada |
Literatura |
| Subdivisión general |
Venezuela |
| 650 ## - PUNTO DE ACCESO ADICIONAL DE MATERIA--TÉRMINO DE MATERIA |
| Término de materia o nombre geográfico como elemento de entrada |
Cronica |
| 650 ## - PUNTO DE ACCESO ADICIONAL DE MATERIA--TÉRMINO DE MATERIA |
| Término de materia o nombre geográfico como elemento de entrada |
cuento |
| 942 ## - ELEMENTOS DE PUNTO DE ACCESO ADICIONAL (KOHA) |
| Fuente del sistema de clasificación o colocación |
|
| Tipo de ítem Koha |
Libro Literatura |